Average property prices decrease by 1.1 per cent (Record no. 83126)

MARC details
000 -LEADER
fixed length control field 00955cad a22002055a 4500
001 - CONTROL NUMBER
control field E152868
008 - FIXED-LENGTH DATA ELEMENTS--GENERAL INFORMATION
fixed length control field 110509e20110503xxk 000 0 eng d
035 ## - SYSTEM CONTROL NUMBER
System control number (Sirsi) u152868
041 0# - LANGUAGE CODE
Language code of text/sound track or separate title eng
110 2# - MAIN ENTRY--CORPORATE NAME
Corporate name or jurisdiction name as entry element Registers of Scotland
9 (RLIN) 5601
245 00 - TITLE STATEMENT
Title Average property prices decrease by 1.1 per cent
Medium [electronic resource]
260 ## - PUBLICATION, DISTRIBUTION, ETC.
Date of publication, distribution, etc. 2011
490 ## - SERIES STATEMENT
Series statement Registers of Scotland News Release
Volume/sequential designation 3 May 2011
520 ## - SUMMARY, ETC.
Summary, etc. Reports that the average price for a residential property in Scotland was £146 253 in Q4 2010/2011, a decrease of 1.1% compared to Q4 2009/2010. The total volume of sales across Scotland in Q4 also fell to 12 800, a decrease of 12.7% on Q4 2009/2010.
590 ## - LOCAL NOTE (RLIN)
Local note KA NTK
651 #4 - SUBJECT ADDED ENTRY--GEOGRAPHIC NAME
Geographic name Scotland
Chronological subdivision 1999-
690 ## - LOCAL SUBJECT ADDED ENTRY--TOPICAL TERM (OCLC, RLIN)
Topical term or geographic name as entry element PROPERTY-RESIDENTIAL PROPERTY-RESIDENTIAL PROPERTY MARKET
856 40 - ELECTRONIC LOCATION AND ACCESS
Uniform Resource Identifier <a href="https://www.ros.gov.uk/pdfs/ros_statistical_release_jan-mar2011.pdf">https://www.ros.gov.uk/pdfs/ros_statistical_release_jan-mar2011.pdf</a>
Public note View the press release free of charge at www.ros.gov.uk...
942 ## - ADDED ENTRY ELEMENTS (KOHA)
Suppress in OPAC 0
Holdings
Withdrawn status Lost status Source of classification or shelving scheme Damaged status Not for loan Home library Current library Shelving location Date acquired Total Checkouts Full call number Barcode Date last seen Copy number Price effective from Koha item type
    Dewey Decimal Classification     Virtual Virtual Online 09/05/2011   ONLINE PUBLICATION 152868-1001 06/08/2019 1 06/08/2019 Journal article